| 000 | 00426nam a22001697a 4500 | ||
|---|---|---|---|
| 005 | 20260224161652.0 | ||
| 008 | 260224b |||||||| |||| 00| 0 eng d | ||
| 020 | _a978-1-85326-237-1 | ||
| 050 |
_aPR 4662 .2 E45 2000 _b1 |
||
| 100 | _aELIOT GEORGE | ||
| 245 | _aMIDDLEMARCH | ||
| 260 |
_aWARE _bWORDSWORTH EDITION _c2000 |
||
| 500 | _aXXIII,702P | ||
| 650 | _aMIDDLEMARCH | ||
| 700 | _aROBERTS DOREEN | ||
| 942 |
_2lcc _cBK |
||
| 999 |
_c216620 _d216620 |
||